000 00492 a2200193 4500
005 20260204145327.0
008 260204b |||||||| |||| 00| 0 eng d
020 _a9789384533816
_cRs. 1895.00
040 _aMAIN
082 _a577.213
_bN566A
100 _aNigiaa, Bailly
245 _aAlcoholic fermentation
260 _bAmiga Press
_c2021
_aDelhi
300 _aviii, 254
650 _aMicrobiology
650 _aMicroooganisms
650 _aFermentation Processes
942 _cBK
999 _c395735
_d395735